| 000 -LEADER |
| fixed length control field |
01111nam a2200253Ia 4500 |
| 001 - CONTROL NUMBER |
| control field |
23180 |
| 003 - CONTROL NUMBER IDENTIFIER |
| control field |
GE_BSU |
| 008 - FIXED-LENGTH DATA ELEMENTS--GENERAL INFORMATION |
| fixed length control field |
181216s||||||||xx |||||||||||||| ||und|| |
| 040 ## - CATALOGING SOURCE |
| Transcribing agency |
GE_BSU |
| 080 ## - UNIVERSAL DECIMAL CLASSIFICATION NUMBER |
| Universal Decimal Classification number |
821.111(73)-31 |
| 100 ## - MAIN ENTRY--PERSONAL NAME |
| Personal name |
ჰემინგუეი, ერნესტ |
| 245 ## - TITLE STATEMENT |
| Title |
მშვიდობით იარაღო! - აღმოხდების მზე (ფიესტა). - ქონა თუ არქონა. |
| 245 ## - TITLE STATEMENT |
| Remainder of title |
რომანები |
| 245 ## - TITLE STATEMENT |
| Statement of responsibility, etc. |
რედ.: მ.თურქია;მხატვ.:ზ.ფორჩხიძე |
| 260 ## - PUBLICATION, DISTRIBUTION, ETC. |
| Place of publication, distribution, etc. |
თბილისი |
| 260 ## - PUBLICATION, DISTRIBUTION, ETC. |
| Name of publisher, distributor, etc. |
საბჭ. საქართველო |
| 260 ## - PUBLICATION, DISTRIBUTION, ETC. |
| Date of publication, distribution, etc. |
1976 |
| 300 ## - PHYSICAL DESCRIPTION |
| Extent |
630გვ. : ილ. ; 22სმ. |
| 520 ## - SUMMARY, ETC. |
| Summary, etc. |
გაშლილი თავფურცელი ინგლისურ ენაზე |
| 653 ## - INDEX TERM--UNCONTROLLED |
| Uncontrolled term |
მშვიდობით იარაღო! - აღმოხდების მზე (ფიესტა). - ქონა თუ არქონა. |
| 653 ## - INDEX TERM--UNCONTROLLED |
| Uncontrolled term |
რომანები |
| 942 ## - ADDED ENTRY ELEMENTS (KOHA) |
| Koha item type |
რუკები |